000 00590nam a22001697a 4500
003 OSt
005 20260319121626.0
008 260319b |||||||| |||| 00| 0 eng d
040 _cMRSPTU
041 _aEnglish
100 _aMansi Garg, Supervisor: Dr. Ashish Baldi
245 _aQuality by Design-Steered Development of Polymeric Drug Delivery System for Cordyceps Sinensis Extract
260 _bDepartment of Pharmacy, MRSPTU, Bathinda
_c2025
650 _aPharmaceutical Sciences and Technology
856 _uhttp://163.47.215.52:8080/jspui/handle/123456789/959
942 _2ddc
_cTH
_n0
999 _c11199
_d11199